Espacio, tiempo y gravitación: la teoría del big bang la explosión y los agujeros negros
Gardado en:
| Autor Principal: | |
|---|---|
| Formato: | Libro |
| Idioma: | Lingua castelá |
| Publicado: |
Ciudad de México
Fondo de Cultura Económica
1982
|
| Series: | Fondo de Cultura Económica, 315
|
| Subjects: | |
| Tags: |
Engadir etiqueta
Sen Etiquetas, Sexa o primeiro en etiquetar este rexistro!
|
MARC
| LEADER | 00000nam a2200000 a 4500 | ||
|---|---|---|---|
| 001 | UCS6260 | ||
| 003 | CL-VaPUC | ||
| 008 | 970917e19820000MX |||||||||||||||||spa|d | ||
| 082 | 0 | 4 | |a 530.11 |b WAL |2 21 |
| 100 | 0 | |a Wald, Robert M |e author |9 391853 | |
| 245 | 1 | 0 | |a Espacio, tiempo y gravitación: la teoría del big bang la explosión y los agujeros negros |
| 300 | |a 214 p | ||
| 942 | |c BK | ||
| 945 | |d 19970917 00:00:00 |a jquezada | ||
| 260 | |a Ciudad de México |b Fondo de Cultura Económica |c 1982 | ||
| 650 | 0 | |a Relatividad |9 269977 | |
| 650 | 0 | |a Teoría de la relatividad |9 266149 | |
| 650 | 0 | |a Física |9 227844 | |
| 650 | 0 | |a Tiempo |9 267892 | |
| 650 | 0 | |a Espacio |9 336785 | |
| 650 | 0 | |a Agujeros negros (Astronomía) |9 375418 | |
| 650 | 0 | |a Astrofísica |9 269137 | |
| 650 | 0 | |a Cosmología |9 269138 | |
| 583 | |a last modification |c 19970917 00:00:00 |k Rodrigo Vera | ||
| 490 | 0 | |a Fondo de Cultura Económica, 315 | |
| 999 | |c 262200 |d 262198 | ||
| 952 | |0 0 |1 0 |4 0 |6 530_110000000000000_WAL_1982 |7 0 |8 A |9 290448 |a BIBCUR |b BIBCUR |d 2019-11-19 |i 335122K |l 4 |o 530.11 WAL 1982 |p 335122K |r 2025-04-22 |s 2021-12-20 |w 2019-11-19 |y BK |k FIS | ||
| 952 | |0 0 |1 0 |4 0 |6 530_110000000000000_WAL_1982 |7 0 |8 A |9 290449 |a BIBCUR |b BIBCUR |d 2019-11-19 |i 453221K |o 530.11 WAL 1982 |p 453221K |r 2025-04-22 |w 2019-11-19 |y BK |k FIS | ||